| 000 | 01335nam a22001817a 4500 | ||
|---|---|---|---|
| 008 | 230811e20230810xxk|||||o|||| 00| 0 eng d | ||
| 041 | _aeng | ||
| 110 | _aRoyal Institution of Chartered Surveyors | ||
| 245 |
_aUK Residential Market Survey _bJuly 2023 _h[Electronic resource] |
||
| 260 |
_aLondon, _bRoyal Institution of Chartered Surveyors, _cAugust 2023 |
||
| 300 | _a18p | ||
| 490 | _aRICS UK Residential Market Survey | ||
| 520 | _aThe Royal Institution of Chartered Surveyors (RICS) UK Residential Survey for July 2023 paints the picture of a housing market continuing to lose ground to the effects of higher mortgage rates. At the national level, new buyer enquiries posted a figure of -45%, like last month’s figure of -46%. As a result, this metric continues to signal a sharp downturn in buyer demand following the latest escalation in mortgage interest rates. When viewed at the level of the English regions and the four nations, all parts of the UK display a firmly negative return for new buyer enquiries over the month. | ||
| 651 | _aUnited Kingdom | ||
| 710 | _aRoyal Institution of Chartered Surveyors | ||
| 856 |
_uhttps://www.rics.org/content/dam/ricsglobal/documents/market-surveys/uk-residential-market-survey/RICS%20Residential%20Market%20Survey%20July%202023.pdf _zAvailable free on RICS.org |
||
| 942 | _n0 | ||
| 999 |
_c121644 _d121644 |
||